Nennen Sie die zehn größten Handelshäfen der Welt - Statistiken

Allgemein
  • Dieses Quiz wurde 77 mal gespielt
  • Das Durchschnittsergebnis liegt bei 5 aus 20
Antwortstatistiken
Antwort % Korrekt
Rotterdam
86%
Shanghai
71%
Singapur
44%
Singapur
44%
China
29%
China
29%
China
29%
China
29%
China
29%
China
29%
Guangzhou
25%
Die Niederlande
24%
Australien
14%
Südkorea
11%
Busan
10%
Tianjin
10%
Dalian
8%
Ningbo
2%
Qingdao
2%
Port Hedland
0%
Keine übereinstimmenden Quizze gefunden
Verteilung der Resultate
Anzahl Personen mit jedem Resultat
Perzentil nach korrekt beantworteten Fragen
Ihre Resultats-Entwicklung
Sie haben dieses Quiz noch nicht gespielt